| 000 | 00623nam a22001817a 4500 | ||
|---|---|---|---|
| 008 | 160507b xxu||||| |||| 00| 0 eng d | ||
| 020 | _a9710864866 | ||
| 082 |
_22004 _aDFil 371.12076 _bQ4r |
||
| 100 |
_97703 _aQuinn, Magdalena S. |
||
| 245 |
_aReviewer for licensure examination for teachers (LET)/ _cMagdalena S. Quinn and Mercedes R. Lamorena. |
||
| 250 | _a2004 Edition | ||
| 260 |
_aMandaluyong City: _bNational Book Store, _cc2004. |
||
| 300 |
_avii, 275 pages; _c22 cm. |
||
| 650 | 0 |
_97704 _aEducation _xExaminations |
|
| 700 |
_97705 _aLamorena, Mercedes R. _eAuthor |
||
| 365 |
_b280.00 _cPhp |
||
| 942 |
_2ddc _cDFIL |
||
| 999 |
_c2349 _d2349 |
||